000 00483cam a2200145 4500500
005 20260111085409.0
041 _afre
042 _adc
100 1 0 _aCampana, Marie-Noëlle
_eauthor
245 0 0 _aMarc Petit, L’Equation de Kolmogoroff . Ramsay, 2003, 418 pages, 24 €
260 _c2004.
500 _a17
786 0 _nÉtudes | 400 | 2 | 2004-02-01 | p. VII-VII | 0014-1941
856 4 1 _uhttps://shs.cairn.info/revue-etudes-2004-2-page-VII?lang=fr&redirect-ssocas=7080
999 _c1618123
_d1618123